000
00238nam a2200097Ia 4500
005
20251222114414.0
008
251222s1900||||xx |||||||||||||| ||spa||
082
_a
DVD0070/S42/2010
245
4
_a
The way back:El camino de regreso
942
_c
DVD
999
_c
2157
_d
2157